000 00410nam a2200169Ia 4500
008 230524s9999 xx 000 0 und d
020 _a9789332576643
082 _a658.45
_bMEH
100 _aPayal Mehra
245 0 _aBusiness Communication For Managers
250 _a2
260 _aNoida
_bPearson
_c2018
300 _a"XVIII,404;"
500 _aQuantity Number: 20
650 _aEnglish
942 _cBK
999 _c60018
_d60018